"αυτές οι επερχόμενες πόλεις ..." : ζητήματα προσδιορισμού, κατηγοριοποίησης και σχεδιασμού στον νέο χώρο της λειτουργικής αστικοποίησης

Αποθηκεύτηκε σε:
Λεπτομέρειες βιβλιογραφικής εγγραφής
Κύριος συγγραφέας: Αναγνώστου, Σπύρος
Μορφή: Βιβλίο
Γλώσσα:Greek
Δημοσίευση: Αθήνα : Παπαζήσης, c2019.
Θέματα:
Ετικέτες: Προσθήκη ετικέτας
Δεν υπάρχουν, Καταχωρήστε ετικέτα πρώτοι!

MARC

LEADER 00000cam a2200000 a 4500
001 1/124845
008 220513s2019####gr d ||| |||| ||gre||
020 |a 9789600234725 
040 |a GR-MyUa  |b gre  |c GR-MyUa  |e AACR2 
041 0 |a gre 
082 7 |a 307.76   |2 (23) 
100 1 |a Αναγνώστου, Σπύρος. 
245 1 0 |a "αυτές οι επερχόμενες πόλεις ..." :   |b ζητήματα προσδιορισμού, κατηγοριοποίησης και σχεδιασμού στον νέο χώρο της λειτουργικής αστικοποίησης /   |c Σπύρος Αναγνώστου.  
260 |a Αθήνα :   |b Παπαζήσης,   |c c2019.  
300 |a 156 σ. :   |b πιν. ;   |c 24 εκ.  
504 |a Περιλαμβάνει βιβλιογραφικές παραπομπές.  
650 0 |a Urbanization 
650 0 |a City planning 
852 |a INST  |b LESVOS  |c EUDOXUS  |e 20220513  |h 307.76 ΑΝΑ  |p 005100063534  |q 005100063534  |t EDX  |y 0 
852 |a INST  |b LESVOS  |c EUDOXUS  |e 20220513  |h 307.76 ΑΝΑ  |p 005100063535  |q 005100063535  |t EDX  |y 0 
852 |a INST  |b LESVOS  |c EUDOXUS  |e 20220513  |h 307.76 ΑΝΑ  |p 005100063536  |q 005100063536  |t EDX  |y 0 
920 |a Εύδοξος  |b Παραγγελία  |y Λέσβος-ΤΓ  |z 2022-05 
970 |a Καμάτσου  |b Δέσποινα  |z 13-05-2022